00370nam a2200145Ia 4500008004100000020001400041041000800055082001600063100004900079245001500128250000600143260004800149300001300197650001400210210716s1992 xx 000 0 und d a538814438 aeng a658.87 DUNP aDunne, Patrick; Lusch, Robert; guble, Myron. aRetailing. a1 aUSAbSouth Western Publishing Companyc1992 axxxi,496 aRetailing